Maths - Statistics

General Stats
  • This quiz has been taken 134 times
  • The average score is 15 of 15
Answer Stats
Equation Answer % Correct
0+0 0
100%
10/10 1
100%
99+1 100
100%
12-1 11
100%
12x1 12
100%
1+1 2
100%
5x5 25
100%
9x3 27
100%
15/5 3
100%
9-4 5
100%
3+4 7
100%
8+0 8
100%
2x2 4
99%
45/5 9
98%
π 3.14
80%
No matching quizzes found
Score Distribution
Percent of People with Each Score
Percentile by Number Answered
Your Score History
You have not taken this quiz